| 000 | 00353nam a22001457a 4500 | ||
|---|---|---|---|
| 999 |
_c13608 _d13608 |
||
| 020 | _a978-1-260-57539-2 | ||
| 082 |
_a613.1 _bTAY |
||
| 100 | _aShelley E. Taylor | ||
| 245 | _aHealth Psychology | ||
| 250 | _a11th ed. | ||
| 260 |
_aNew York _bMC Graw Hill _c2021 |
||
| 300 | _a474 Pages | ||
| 650 | _aPsychology, Health, Health Psychology | ||
| 942 | _cBK | ||